000 00554nam a2200229Ia 4500
003 OSt
005 20220924150111.0
006 a|||||r|||| 00| 0
007 ta
008 220923b |||||||| |||| 00| 0 tel d
024 _a331768
037 _cTextual
040 _aARTS
_cARTS
_btel
041 _2tel
_atel
082 _aO35,1, J22
100 _aRao Narayana
_9221262
245 0 _aKumatisata kamu
260 _c1952
650 _aTELUGU POETRY
942 _hO35,1, J22
_cTEXL
_2CC
999 _c462188
_d462188